000 00577nam a2200169 a 4500
001 000045226
005 20201002050001.0
008 150212s1994 dr ac 000 0 spa d
040 _aDO-SdBNP
_bspa
_cBNPHU
082 _axxxx
_bxxxx
100 1 _aPiantini, César A.
_973249
245 1 0 _aPoemas de una vida /
_cCésar A. Piantini ; introducción Manuel Rueda.
260 _aSanto Domingo :
_bCorripio,
_c1994.
300 _a140 p. :
_bil., retrs. ;
_c23 cm.
500 _aPerteneció a la biblioteca personal del Dr. Guaroa Ginebra H.
700 1 2 _aRueda, Manuel,
_eintrod.
_919958
999 _c44715
_d44715